太鼓の達人 ムラサキVer.段位道場 課題曲 - Statistics

General Stats
  • This quiz has been taken 4 times
  • The average score is 9 of 75
Answer Stats
段位 曲名 % Correct
達人2nd 双竜ノ乱
100%
達人3rd 幽玄ノ乱
100%
達人1st Xa(裏)
67%
十級3rd ようかい体操第一
33%
六段1st ボクハシンセ
33%
六段3rd うそうそ時
33%
九段2nd セイクリッド ルイン
33%
九段3rd 闇の魔法少女
33%
十段1st カラ鞠の花
33%
十段2nd 蒼の旋律(裏)
33%
玄人1st そつおめしき
33%
名人st 弩蚊怒夏
33%
名人3rd 燎原ノ舞
33%
超人3rd 万戈イムー一ノ十
33%
十段3rd てんぢく2000
33%
名人2nd はたラク2000
33%
超人1st スーハー2000
33%
超人2nd 〆ドレー2000
33%
玄人3rd Black Rose Apostle(裏)
33%
玄人2nd Doom Noiz
33%
九段1st Venomous(裏)
33%
初級1st ゲラゲラポーのうた
0%
初級3rd ワールズエンド・ダンスホール
0%
十級1st 雪だるまつくろう
0%
九級2nd 女々しくて
0%
九級3rd 喧嘩上等
0%
八級1st ラブソングはとまらないよ
0%
八級2nd じょいふる
0%
七級1st ライオン
0%
七級2nd 青春サツバツ論
0%
七級3rd イマジネーション
0%
六級1st マトリョシカ
0%
六級2nd 人生リセットボタン
0%
六級3rd チルドレンレコード
0%
五級3rd お願い!シンデレラ
0%
四級3rd 僕らは今のなかで
0%
三級1st 脳漿炸裂ガール
0%
三級2nd 延命治療
0%
三級3rd 夜咄ディセイブ
0%
二級1st 夢幻の蒼空
0%
二級3rd ゆれるプリーツ実行委員
0%
一級1st 幻想のサテライト
0%
一級3rd チルノのパーフェクトさんすう教室
0%
初段1st きみのあかり
0%
初段2nd 虹色・夢色・太鼓色
0%
初段3rd マーブルハート
0%
二段2nd 僕らの世界にダンスを
0%
二段3rd カゲロウデイズ
0%
三段1st ユウガオノキミ
0%
三段2nd 零の夜想曲
0%
四段3rd 久遠の夜
0%
五段2nd 愛想笑い
0%
七段2nd 零の狂詩曲
0%
八段1st 大空と太鼓の踊り
0%
二級2nd 東京ソーダ 8bit Edit
0%
二段1st 十面相 colorful ver.
0%
九級1st Dance My Generation
0%
七段1st DON'T CUT(裏)
0%
四段2nd Dream Tide-夢の潮流-
0%
四級1st FUTURE FISH
0%
一級2nd Help me, ERINNNNNN!!
0%
初級2nd ごめんなさいのKissing You
0%
八級3rd KISS KISS BANG BANG
0%
十級2nd Let It Go〜ありのままで〜
0%
四級2nd マジLOVE2000%
0%
五段1st MATSURI D/A
0%
八段3rd mint tears
0%
五級1st M@STERPIECE
0%
五段3rd NECOLOGY
0%
六段2nd Night And Day
0%
八段2nd 練習曲Op.10-4
0%
四段1st 季曲 〜Seasons of Asia〜(裏)
0%
五級2nd Star!!
0%
七段3rd Sunset Runaway
0%
三段3rd White Rose Insanity
0%
No matching quizzes found
Score Distribution
Percent of People with Each Score
Percentile by Number Answered
Your Score History
You have not taken this quiz